000 00456nam a2200193Ia 4500
003 OSt
005 20251117101841.0
008 250729s2005 xx 000 0 und d
020 _a978-8171418183
040 _cAL
041 _aeng
082 _a371.333 RATE
100 _aRather A R
_9224423
245 _aEssentials of instructional technology
260 _aNew Delhi
_c2005
300 _a263p
650 _aEducation
_9224424
942 _2ddc
_cBED
999 _c236398
_d236398